000 00665nam a2200205Ii 4500
003 JO-AjNU
008 230605s9999||||xx |||||||||||||| ||und||
040 _aJO-AjNU
_bara
_erda
_cJO-AjNU
041 _aara
050 1 4 _aBL311.B8.1966
100 3 _aبلفنش ؛ ترجمة السيسي، رشدي ، مراجعة خفاجة، صقر,
_eauthor
_938685
245 0 0 _aعصر الأساطير
264 3 1 _aد.م:دار النهضة العربية ،1966
300 _a488ص
336 _atext
_btxt
_2rdacontent
337 _aunmediated
_bn
_2rdamedia
338 _avolume
_bnc
_2rdacarrier
490 0 _aالالف كتاب
650 4 _aالاساطير
_938686
999 _aA16274
_c19842
_d19842